[Event "Saarland-ch A 87th"]
[Site "Voelklingen"]
[Date "2012.04.03"]
[Round "5"]
[White "Weidinger, Dietmar"]
[Black "Gordziel, Martin"]
[Result "1-0"]
[WhiteElo "1816"]
[BlackElo "1627"]
[PlyCount "95"]
[EventDate "2012.03.30"]
[EventType "swiss"]
[EventRounds "6"]
[EventCountry "GER"]
[SourceTitle "EXT 2013"]
[Source "ChessBase"]
[SourceDate "2012.11.22"]
[SourceVersion "1"]
[SourceVersionDate "2012.11.22"]
[SourceQuality "1"]

1. d4 e5 2. d5 Nf6 3. Bg5 Bb4+ 4. Nd2 d6 5. e4 h6 6. Bxf6 Qxf6 7. c3 Bc5 8. Qf3 Qe7 9. Bd3 0-0 10. Ne2 Nd7 11. Nc4 a5 12. Ne3 Bxe3 13. Qxe3 Nc5 14. 0-0 Nxd3 15. Qxd3 f5 16. f3 f4 17. c4 Qg5 18. Nc3 Bh3 19. Qd2 Rf6 20. Rf2 h5 21. Nb5 Rf7 22. Kf1 Bc8 23. Rc1 b6 24. b3 h4 25. h3 Ba6 26. Nc3 Raf8 27. Ke2 Qe7 28. Kd3 Qd7 29. Kc2 Rb8 30. Qd3 g5 31. Kd1 Rb7 32. a3 Rf8 33. b4 axb4 34. axb4 Ra7 35. Ra2 Rfa8 36. Rca1 c6 37. dxc6 Qf7 38. b5 Bc8 39. Qxd6 Rxa2 40. Rxa2 Rxa2 41. Nxa2 Qxc4 42. Qd5+ Be6 43. Qxc4 Bxc4 44. Nc3 Kf7 45. c7 Be6 46. Nd5 Ke8 47. Nxb6 g4 48. fxg4 1-0

[Event "Saarland-ch B"]
[Site "Eppelborn"]
[Date "2008.03.26"]
[Round "2"]
[White "Gross, Hans Robert"]
[Black "Gordziel, Martin"]
[Result "1/2-1/2"]
[WhiteElo "1403"]
[BlackElo "1522"]
[PlyCount "71"]
[EventDate "2008.03.14"]
[EventType "swiss"]
[EventRounds "7"]
[EventCountry "GER"]
[SourceTitle "EXT 2010"]
[Source "ChessBase"]
[SourceDate "2010.11.25"]
[SourceVersion "1"]
[SourceVersionDate "2010.11.25"]
[SourceQuality "1"]

1. Nf3 Nf6 2. d4 h6 3. Bf4 g5 4. Be5 Bg7 5. e3 d6 6. Bxf6 Bxf6 7. c3 g4 8. Nfd2 Bg7 9. Bd3 f5 10. Qc2 e6 11. Nb3 Qg5 12. Qe2 b6 13. N1d2 a5 14. f4 Qh4+ 15. Qf2 Qe7 16. e4 Bb7 17. 0-0-0 0-0 18. exf5 exf5 19. Rde1 Qd7 20. Re3 Na6 21. Rhe1 Qc6 22. Kb1 a4 23. Na1 b5 24. Nc2 Kh8 25. Re7 a3 26. Rxg7 Kxg7 27. Re7+ Rf7 28. Qh4 axb2 29. Rxf7+ Kxf7 30. Qh5+ Kg7 31. Bxf5 Qe8 32. Qxg4+ Kf6 33. Bd7 Qe7 34. Qh4+ Kf7 35. Qh5+ Kg7 36. Qg4+ 1/2-1/2

[Event "Saarland-ch C"]
[Site "Saarlouis Steinrausch"]
[Date "2005.03.24"]
[Round "7"]
[White "Olivares, Ricardo"]
[Black "Gordziel, Martin"]
[Result "1/2-1/2"]
[WhiteElo "1195"]
[BlackElo "1290"]
[PlyCount "51"]
[EventDate "2005.03.18"]
[EventType "swiss"]
[EventRounds "9"]
[EventCountry "GER"]
[SourceTitle "EXT 2012"]
[Source "ChessBase"]
[SourceDate "2011.11.24"]
[SourceVersion "1"]
[SourceVersionDate "2011.11.24"]
[SourceQuality "1"]

1. d4 d5 2. Nf3 Nf6 3. c4 c6 4. Nc3 Bf5 5. e3 e6 6. Nh4 Bg6 7. Nxg6 fxg6 8. cxd5 exd5 9. Bd3 Bd6 10. Bd2 Nbd7 11. Rc1 0-0 12. 0-0 Qc7 13. h3 h6 14. e4 dxe4 15. Nxe4 Nxe4 16. Bxe4 Nf6 17. Bf3 Rfe8 18. Be3 Rad8 19. Qb3+ Kh8 20. Rc2 Qb8 21. Kh1 Rc8 22. Rfc1 Re7 23. d5 c5 24. Qa3 Rd8 25. Kg1 Bf4 26. Re1 1/2-1/2

[Event "Saarland-ch C"]
[Site "Saarlouis Steinrausch"]
[Date "2005.03.23"]
[Round "6"]
[White "Gordziel, Martin"]
[Black "Schorn, Siegfried"]
[Result "1/2-1/2"]
[WhiteElo "1290"]
[BlackElo "1408"]
[PlyCount "33"]
[EventDate "2005.03.18"]
[EventType "swiss"]
[EventRounds "9"]
[EventCountry "GER"]
[SourceTitle "EXT 2012"]
[Source "ChessBase"]
[SourceDate "2011.11.24"]
[SourceVersion "1"]
[SourceVersionDate "2011.11.24"]
[SourceQuality "1"]

1. e4 c5 2. f4 e6 3. Nf3 d6 4. Bc4 d5 5. exd5 exd5 6. Qe2+ Be7 7. Bb5+ Bd7 8. Nc3 Nf6 9. Ne5 0-0 10. Nxd7 Nbxd7 11. d3 d4 12. Bxd7 Qxd7 13. Ne4 Rfe8 14. Bd2 Nd5 15. 0-0-0 Qa4 16. Kb1 f5 17. Ng3 1/2-1/2